| 000 | 00690nam a2200217 a 4500 | ||
|---|---|---|---|
| 005 | 20140310183333.0 | ||
| 008 | 060825s19uu xx 00 eng d | ||
| 020 | _a0324313306 | ||
| 050 |
_aHF 5718.22 _b.L44 2006 |
||
| 100 | _aLehman, Carol M. | ||
| 245 |
_aCreating dynamic multimedia presentations: _busing microsoft powerpint 2003. / |
||
| 250 | _a3rd ed,. | ||
| 260 |
_aAustralia : _bThomson South-Western, _c2006. |
||
| 300 |
_a221 p. : _bill. ; _c27 cm. |
||
| 521 | _aIT | ||
| 650 | _aMicrosoft PowerPoint (Computer file). | ||
| 650 | _aPresentation graphics software. | ||
| 650 | _aMultimedia systems in business presentation. | ||
| 942 |
_cBK _2lcc _kFOR |
||
| 999 |
_c21613 _d21613 |
||